000 00511cam a22001931 4500
001 sa 64007543
003 DLC
005 20260227112047.0
008 761217s1961 xx 000 0 eng
010 _asa 64007543
035 _a(OCoLC)2631002
040 _aDLC
_cOKentU
_dDLC
050 0 0 _aPZ8.A5
_bMo
100 1 _aAnand, Mulk Raj,
_d1905-2004.
245 0 0 _aMore Indian fairy tales.
260 _a[Bombay]
_bKutub-Popular
_c[1961]
300 _a80 p.
_bcol. illus.
_c20 cm.
650 0 _aFairy tales
_zIndia.
999 _c60312
_d60312